[Event "III ShakkiNet International"]
[Site "Helsinki"]
[Date "2001.06.26"]
[Round "5"]
[White "Liitiainen, Elia"]
[Black "Gamback, Bjorn"]
[Result "1-0"]
[WhiteElo "2172"]
[BlackElo "2166"]
[PlyCount "101"]

1. Nf3 c5 2. c4 Nf6 3. Nc3 e6 4. e3 d5 5. cxd5 exd5 6. d4 a6 7. Be2 Bd6 8. O-O
O-O 9. b3 Nc6 10. Ba3 Qa5 11. Na4 Ne4 12. dxc5 Bxc5 13. Bxc5 Nxc5 14. Qxd5 Nxa4
15. Qxa5 Nxa5 16. bxa4 Bd7 17. Bd1 Nc4 18. Bb3 Rac8 19. Rfc1 Nb2 20. Ne5 Rxc1+
21. Rxc1 Bxa4 22. Rc7 Bxb3 23. axb3 b5 24. g3 Rd8 25. Nxf7 Rd1+ 26. Kg2 Nd3 27.
Ng5 g6 28. Nf3 b4 29. Rc6 a5 30. Ra6 Rb1 31. Nd4 Nc5 32. Rxa5 Nxb3 33. Nxb3
Rxb3 34. Rb5 Kf7 35. Rb7+ Ke6 36. Rxh7 Rc3 37. Rb7 b3 38. h4 Kd5 39. g4 Kc6 40.
Rb8 Kd5 41. h5 gxh5 42. gxh5 Ke4 43. h6 Rc6 44. h7 Rg6+ 45. Kf1 b2 46. h8=Q Kf3
47. Qh1+ Kg4 48. Qe4+ Kg5 49. Qf4+ Kh5 50. Rh8+ Rh6 51. Rxh6# 1-0

[Event "III ShakkiNet International"]
[Site "Helsinki"]
[Date "2001.06.26"]
[Round "5"]
[White "Seeman, Tarvo"]
[Black "Nagy, Laszlo"]
[Result "1-0"]
[WhiteElo "2427"]
[BlackElo "2047"]
[PlyCount "87"]

1. e4 e6 2. d3 d5 3. Qe2 Nf6 4. Nf3 Be7 5. g3 c5 6. Bg2 Nc6 7. O-O O-O 8. e5
Nd7 9. c4 d4 10. h4 Qc7 11. Bf4 Rb8 12. Nbd2 b5 13. b3 a6 14. Rfe1 Bb7 15. Ne4
Ba8 16. Rac1 bxc4 17. Rxc4 Rb4 18. Rec1 Rxc4 19. Rxc4 Qb6 20. Bg5 f6 21. exf6
gxf6 22. Bh6 Rf7 23. Rc1 Nd8 24. Nfd2 Bd5 25. Nc4 Qc6 26. Qg4+ Kh8 27. Qh5 e5
28. Bh3 Be6 29. Ncd6 f5 30. Nxf7+ Bxf7 31. Qxf5 Be6 32. Qh5 Bf7 33. Bxd7 Qxe4
34. Qxf7 Nxf7 35. dxe4 Nxh6 36. Rc4 Nf7 37. Ra4 Nd6 38. f3 Nb5 39. Bxb5 axb5
40. Ra7 Bf8 41. Rc7 d3 42. Kf2 c4 43. bxc4 Bd6 44. Rc6 1-0

[Event "III ShakkiNet International"]
[Site "Helsinki"]
[Date "2001.06.26"]
[Round "5"]
[White "Keskinen, Sauli"]
[Black "Orso, Miklos"]
[Result "0-1"]
[WhiteElo "2240"]
[BlackElo "2386"]
[PlyCount "90"]

1. Nf3 c5 2. g3 Nc6 3. Bg2 e5 4. d3 g6 5. O-O Bg7 6. e4 d6 7. Nh4 Be6 8. Nc3
Bf6 9. Nf3 h5 10. Nd5 Bxd5 11. exd5 Nce7 12. Ng5 h4 13. c3 Nf5 14. Ne4 Be7 15.
f4 hxg3 16. hxg3 exf4 17. Bxf4 Qb6 18. Qa4+ Kf8 19. Rf2 Kg7 20. Re1 Ngh6 21.
Bf3 Qd8 22. b4 b6 23. Qb3 Rc8 24. Qb2 Kg8 25. a3 f6 26. Rh2 Nf7 27. Rxh8+ Kxh8
28. Qh2+ Kg7 29. g4 N5h6 30. Kg2 g5 31. Bg3 Qd7 32. Nf2 cxb4 33. axb4 Rxc3 34.
Be4 Rc2 35. d4 Rd2 36. Bf5 Nxf5 37. gxf5 Kf8 38. Qh7 Qb7 39. Rc1 Rxd4 40. Kg1
b5 41. Qg6 Rxb4 42. Rc6 Rc4 43. Bxd6 Bxd6 44. Rxd6 Nxd6 45. Qxf6+ Nf7 0-1

[Event "III ShakkiNet International"]
[Site "Helsinki"]
[Date "2001.06.26"]
[Round "5"]
[White "Frenklakh, Valery"]
[Black "Hamalainen, Sami"]
[Result "1-0"]
[WhiteElo "2275"]
[BlackElo "2186"]
[PlyCount "81"]

1. d4 Nf6 2. Nf3 e6 3. e3 b6 4. Bd3 Bb7 5. Nbd2 c5 6. O-O Nc6 7. c3 d5 8. Ne5
Nxe5 9. dxe5 Nd7 10. f4 Qc7 11. e4 c4 12. Bc2 dxe4 13. Qe2 Nc5 14. Nxc4 O-O-O
15. Be3 Nd3 16. Nd6+ Bxd6 17. exd6 Rxd6 18. a4 a5 19. Bd4 Qc6 20. Qg4 Rg8 21.
Bxd3 exd3 22. f5 h5 23. Qh3 Rd5 24. fxe6 fxe6 25. Rf2 Rg5 26. Rd1 Qe4 27. Bxb6
Kb8 28. Rxd3 Rxg2+ 29. Qxg2 Qxd3 30. Qg3+ Qxg3+ 31. hxg3 g5 32. Bxa5 h4 33.
gxh4 g4 34. Bb4 g3 35. Rf8+ Rxf8 36. Bxf8 Kc7 37. c4 Kb6 38. b4 Bc6 39. a5+ Kc7
40. h5 Be4 41. h6 1-0

[Event "III ShakkiNet International"]
[Site "Helsinki"]
[Date "2001.06.27"]
[Round "6"]
[White "Kiik, Kalle"]
[Black "Hamalainen, Sami"]
[Result "1-0"]
[WhiteElo "2451"]
[BlackElo "2186"]
[PlyCount "87"]

1. Nf3 g6 2. d4 Bg7 3. e4 Nf6 4. e5 Nd5 5. c4 Nb6 6. Nc3 d6 7. exd6 cxd6 8. Be3
Nc6 9. d5 Ne5 10. Nxe5 Bxe5 11. Bh6 Qc7 12. Rc1 Bd7 13. b3 Rc8 14. Be2 Qc5 15.
Be3 Qb4 16. Bd2 Qc5 17. O-O O-O 18. Be3 Qa5 19. Bd2 Qc5 20. Bd3 Qd4 21. Be3 Qh4
22. g3 Qh3 23. Be4 Bg4 24. Qd2 f5 25. Bg2 Qh5 26. f4 Bg7 27. Nb5 Nd7 28. Nxa7
Rce8 29. Nb5 Rc8 30. Nd4 Rf7 31. Ne6 Bf6 32. a4 h6 33. a5 Kh7 34. Rf2 Rg8 35.
b4 Bh3 36. Bf3 Bg4 37. Qe2 g5 38. Bxg4 fxg4 39. Qd3+ Kh8 40. Rcf1 Rg6 41. c5
dxc5 42. bxc5 Nf8 43. Nd8 Rfg7 44. f5 1-0

[Event "III ShakkiNet International"]
[Site "Helsinki"]
[Date "2001.06.27"]
[Round "6"]
[White "Orso, Miklos"]
[Black "Frenklakh, Valery"]
[Result "0-1"]
[WhiteElo "2386"]
[BlackElo "2275"]
[PlyCount "96"]

1. e4 e5 2. Nf3 d6 3. Nc3 Nf6 4. d4 exd4 5. Nxd4 g6 6. Be2 Bg7 7. Bg5 h6 8. Be3
O-O 9. Qd2 Kh7 10. O-O Re8 11. Bc4 Nxe4 12. Nxe4 Rxe4 13. Bxf7 Qf6 14. Bb3 Rxd4
15. Bxd4 Qxd4 16. Qe2 Bd7 17. c3 Qe5 18. Qd2 Nc6 19. Rae1 Qf6 20. Qd5 Rf8 21.
f4 Qf5 22. Qd2 Qc5+ 23. Kh1 Bf5 24. h3 h5 25. Qd1 h4 26. Rf3 Bf6 27. Bd5 Nd4
28. cxd4 Qxd5 29. Qb3 Be4 30. Rc3 Bxg2+ 31. Kh2 c5 32. Qc2 Bf3 33. Qd3 Bh5 34.
dxc5 Qxd3 35. Rxd3 dxc5 36. Rd7+ Kh6 37. Kg2 Bd4 38. Re4 Bd1 39. Rxb7 Bc2 40.
Ree7 Rxf4 41. Rh7+ Kg5 42. Rhf7 Be4+ 43. Kh2 Bf5 44. Rxa7 Rf2+ 45. Kg1 Rxb2+
46. Kf1 Bd3+ 47. Ke1 Bc3+ 48. Kd1 Rb1# 0-1

[Event "III ShakkiNet International"]
[Site "Helsinki"]
[Date "2001.06.27"]
[Round "6"]
[White "Nagy, Laszlo"]
[Black "Keskinen, Sauli"]
[Result "0-1"]
[WhiteElo "2047"]
[BlackElo "2240"]
[PlyCount "56"]

1. e4 c5 2. Nf3 Nc6 3. Nc3 e5 4. Bc4 d6 5. h3 Be7 6. d3 Nf6 7. Be3 a6 8. a4 Rb8
9. O-O Nd4 10. Nd5 b5 11. axb5 axb5 12. Ra7 bxc4 13. Nxe7 Bd7 14. Bxd4 cxd4 15.
Nd5 Nxd5 16. exd5 cxd3 17. Qxd3 O-O 18. Qa3 Bf5 19. Rc1 Be4 20. c4 Bxf3 21.
Qxf3 Rxb2 22. c5 Qb8 23. Qa3 Rb3 24. Qa6 dxc5 25. Rxc5 Rb1+ 26. Kh2 e4+ 27.
Rcc7 d3 28. g3 d2 0-1

[Event "III ShakkiNet International"]
[Site "Helsinki"]
[Date "2001.06.27"]
[Round "6"]
[White "Gamback, Bjorn"]
[Black "Seeman, Tarvo"]
[Result "0-1"]
[WhiteElo "2166"]
[BlackElo "2427"]
[PlyCount "98"]

1. e4 c5 2. Nf3 Nc6 3. c3 Nf6 4. e5 Nd5 5. d4 cxd4 6. Bc4 Nb6 7. Bb3 d5 8. exd6
Qxd6 9. O-O Be6 10. Bxe6 Qxe6 11. Nxd4 Nxd4 12. Qxd4 Rd8 13. Qf4 g6 14. Qf3 Qd5
15. Qxd5 Nxd5 16. Na3 Bg7 17. Bg5 f6 18. Bd2 f5 19. Rad1 Kf7 20. Bc1 a6 21. Nb1
Bf6 22. Rfe1 b5 23. Kf1 e5 24. f3 h5 25. Kf2 Rd7 26. Na3 Rhd8 27. Nc2 a5 28. g3
f4 29. Re4 fxg3+ 30. hxg3 Nb6 31. Rxd7+ Rxd7 32. Re2 Na4 33. Na3 Nc5 34. Be3
Nd3+ 35. Kf1 b4 36. Nb5 a4 37. b3 axb3 38. axb3 e4 39. fxe4 bxc3 40. Rc2 Nb4
41. Rf2 Ke6 42. Ke2 c2 43. Rf1 Na2 44. Bc1 Be5 45. Ba3 Rb7 46. Kd2 c1=Q+ 47.
Bxc1 Nxc1 48. Kxc1 Rxb5 49. Rf3 Rb4 0-1

[Event "III ShakkiNet International"]
[Site "Helsinki"]
[Date "2001.06.27"]
[Round "6"]
[White "Kekki, Petri"]
[Black "Liitiainen, Elia"]
[Result "1-0"]
[WhiteElo "2289"]
[BlackElo "2172"]
[PlyCount "107"]

1. d4 Nf6 2. c4 e6 3. Nc3 Bb4 4. e3 b6 5. Bd2 Bb7 6. f3 c5 7. a3 Bxc3 8. Bxc3
O-O 9. e4 d5 10. e5 Nfd7 11. cxd5 exd5 12. f4 Nc6 13. Nf3 cxd4 14. Nxd4 Ndxe5
15. Bb5 a6 16. fxe5 Qh4+ 17. g3 Qe4+ 18. Kf2 Nxd4 19. Qxd4 axb5 20. Qxe4 dxe4
21. Rhd1 Rfd8 22. Ke3 Kf8 23. Bb4+ Ke8 24. Bd6 Rac8 25. Rd2 Rc4 26. Rf1 Bc8 27.
Rf4 Be6 28. Rxe4 Rxe4+ 29. Kxe4 Rc8 30. Bb4 Rd8 31. Rf2 Rc8 32. Bc3 g6 33. Bb4
h5 34. Rd2 Rd8 35. Bd6 Rc8 36. Kf4 Rc6 37. Kg5 Bb3 38. Bb4 Ba2 39. Kh6 Bb3 40.
h4 Be6 41. Rd4 Bf5 42. Bd2 Bd7 43. Bg5 Re6 44. Bf6 Rc6 45. Kg7 Re6 46. b3 Rc6
47. a4 bxa4 48. Rxa4 Rc7 49. Ra8+ Rc8 50. Ra7 b5 51. e6 fxe6 52. Kxg6 e5 53.
Kxh5 e4 54. Bd4 1-0

[Event "III ShakkiNet International"]
[Site "Helsinki"]
[Date "2001.06.28"]
[Round "7"]
[White "Liitiainen, Elia"]
[Black "Kiik, Kalle"]
[Result "0-1"]
[WhiteElo "2172"]
[BlackElo "2451"]
[PlyCount "48"]

1. Nf3 g6 2. g3 Bg7 3. Bg2 c5 4. c4 Nc6 5. Nc3 d6 6. O-O Nf6 7. d4 cxd4 8. Nxd4
Bd7 9. c5 dxc5 10. Nxc6 Bxc6 11. Bxc6+ bxc6 12. Qa4 Qb6 13. Be3 O-O 14. Qc2 Nd5
15. Bg5 Rfb8 16. Rab1 c4 17. e4 Nb4 18. Qa4 Qc5 19. Be3 Qh5 20. a3 Nd3 21. Qxc6
Ne5 22. Qc5 Nf3+ 23. Kg2 Qxc5 24. Bxc5 Nd2 0-1

[Event "III ShakkiNet International"]
[Site "Helsinki"]
[Date "2001.06.28"]
[Round "7"]
[White "Seeman, Tarvo"]
[Black "Kekki, Petri"]
[Result "1/2-1/2"]
[WhiteElo "2427"]
[BlackElo "2289"]
[PlyCount "81"]

1. e4 e6 2. d3 d5 3. Qe2 Nc6 4. c3 e5 5. g3 Nf6 6. Bg2 dxe4 7. dxe4 Bg4 8. f3
Be6 9. Nh3 h6 10. Be3 g5 11. Nf2 Nd7 12. O-O Bg7 13. Na3 Qf6 14. Nb5 Qd8 15. a4
a6 16. Na3 Qf6 17. Bh3 Bxh3 18. Nxh3 Qe6 19. Nf2 Bf6 20. Qc4 h5 21. b4 Be7 22.
Qxe6 fxe6 23. Nc4 Nd8 24. Nd3 Nf7 25. b5 b6 26. Nb4 a5 27. Nc6 Bf6 28. Rad1 Nd8
29. Nxd8 Rxd8 30. Rd3 Ke7 31. Rfd1 Nb8 32. Nxe5 Rxd3 33. Nxd3 Kf7 34. c4 Nd7
35. c5 bxc5 36. Bxc5 Nb6 37. Bxb6 cxb6 38. e5 Bg7 39. f4 gxf4 40. gxf4 Bh6 41.
Kf2 1/2-1/2

[Event "III ShakkiNet International"]
[Site "Helsinki"]
[Date "2001.06.28"]
[Round "7"]
[White "Keskinen, Sauli"]
[Black "Gamback, Bjorn"]
[Result "1-0"]
[WhiteElo "2240"]
[BlackElo "2166"]
[PlyCount "55"]

1. e4 c5 2. Nc3 Nc6 3. g3 g6 4. Bg2 Bg7 5. d3 d6 6. Be3 Rb8 7. Qd2 b5 8. f4 b4
9. Nd1 Qb6 10. Nh3 f5 11. O-O Nf6 12. a3 fxe4 13. dxe4 Nxe4 14. Qd5 Bxh3 15.
Bxh3 Nf6 16. Qe6 a5 17. axb4 axb4 18. f5 Qb7 19. Bg2 Qd7 20. Bxc6 Qxc6 21. Ra7
Nd7 22. f6 Bxf6 23. Rxf6 Kd8 24. Rf7 Re8 25. Rxe7 Rxe7 26. Bg5 Rb7 27. Qxe7+
Kc7 28. Qd8# 1-0

[Event "III ShakkiNet International"]
[Site "Helsinki"]
[Date "2001.06.28"]
[Round "7"]
[White "Frenklakh, Valery"]
[Black "Nagy, Laszlo"]
[Result "1-0"]
[WhiteElo "2275"]
[BlackElo "2047"]
[PlyCount "51"]

1. d4 e6 2. Nf3 Nf6 3. Bg5 d5 4. e3 Be7 5. Nbd2 Nbd7 6. Bd3 c5 7. c3 a6 8. O-O
b5 9. a4 b4 10. cxb4 cxb4 11. a5 Bb7 12. Qe2 Ne4 13. Bxe7 Qxe7 14. Rfc1 Qd6 15.
Bxe4 dxe4 16. Nc4 Qe7 17. Nfe5 Nf6 18. Nb6 Rb8 19. Nc6 Bxc6 20. Rxc6 O-O 21.
Qxa6 Rfd8 22. Qc4 Nd5 23. Nxd5 exd5 24. Qc5 Qd7 25. Rc7 Qe6 26. a6 1-0

[Event "III ShakkiNet International"]
[Site "Helsinki"]
[Date "2001.06.28"]
[Round "7"]
[White "Hamalainen, Sami"]
[Black "Orso, Miklos"]
[Result "1/2-1/2"]
[WhiteElo "2186"]
[BlackElo "2386"]
[PlyCount "162"]

1. d4 Nf6 2. c4 g6 3. Nc3 Bg7 4. e4 d6 5. Be2 O-O 6. Nf3 e5 7. dxe5 dxe5 8.
Qxd8 Rxd8 9. Bg5 c6 10. Nxe5 Re8 11. Nf3 Nxe4 12. Nxe4 Rxe4 13. Rd1 Nd7 14. Rd2
Re8 15. Be3 Nf6 16. Bd4 c5 17. Bxf6 Bxf6 18. O-O a5 19. Rfd1 a4 20. Kf1 Ra6 21.
Rd5 Rc6 22. b3 a3 23. Ne1 Bf5 24. Bf3 Rc7 25. h3 h5 26. Nd3 Bd4 27. g4 Be6 28.
Rd6 hxg4 29. hxg4 g5 30. Re1 Rb8 31. Bd5 Bxg4 32. Rg6+ Kh8 33. Rxg5 Rg8 34.
Rxg8+ Kxg8 35. Kg2 Kf8 36. Kg3 Bf5 37. Be4 Bd7 38. Nf4 b5 39. Bd5 b4 40. Nd3
Be8 41. Kf4 Re7 42. Rxe7 Kxe7 43. f3 Kd6 44. Be4 Bd7 45. Bf5 Bc6 46. Be4 Be8
47. Ne1 Ke6 48. Nc2 Bg1 49. Kg3 Ke5 50. Bd3 Bc6 51. f4+ Ke6 52. Ne1 Bd4 53. Nf3
Bf6 54. Bc2 Be7 55. Bd3 Kf6 56. Ne5 Bb7 57. Ng4+ Ke6 58. f5+ Kd7 59. Kf4 Kd6
60. Nh6 f6 61. Be4 Bc8 62. Bd5 Bd7 63. Be4 Be8 64. Ng4 Bf7 65. Bd3 Kd7 66. Be2
Bd6+ 67. Ke4 Ke7 68. Ne3 Be5 69. Ng4 Kd6 70. Bd3 Be8 71. Ke3 Bb2 72. Be2 Bc1+
73. Kd3 Bd7 74. Ke4 Bc6+ 75. Kd3 Bg5 76. Bd1 Bb7 77. Be2 Bg2 78. Bd1 Bh3 79.
Ke4 Bf1 80. Nh2 Bg2+ 81. Bf3 Bh3 1/2-1/2

[Event "III ShakkiNet International"]
[Site "Helsinki"]
[Date "2001.06.29"]
[Round "8"]
[White "Kiik, Kalle"]
[Black "Orso, Miklos"]
[Result "1/2-1/2"]
[WhiteElo "2451"]
[BlackElo "2386"]
[PlyCount "85"]

1. e4 c5 2. Nf3 e6 3. c3 d5 4. exd5 Qxd5 5. d4 Nf6 6. Na3 Qd8 7. Nc2 Nc6 8. Be2
Be7 9. O-O O-O 10. Ne5 Qc7 11. Nxc6 Qxc6 12. Bf3 Qc7 13. dxc5 Bxc5 14. Bg5 Be7
15. Qe2 Bd7 16. Rfe1 Rad8 17. Nd4 Rfe8 18. Bh4 e5 19. Bg3 Bd6 20. Nb5 Bxb5 21.
Qxb5 e4 22. Bxd6 Qxd6 23. Be2 b6 24. Rad1 Qf4 25. g3 Qc7 26. Qf5 e3 27. fxe3
Rxe3 28. Bf1 Rxe1 29. Rxe1 h5 30. a4 Qd6 31. Bc4 Kf8 32. Qe5 Qxe5 33. Rxe5 Rd2
34. Re2 Rd6 35. Kg2 g6 36. h3 Rc6 37. Bb5 Rd6 38. Bc4 Nd7 39. Bb5 Nf6 40. Bc4
Rd7 41. Bb5 Re7 42. Rd2 Ne4 43. Rd5 1/2-1/2

[Event "III ShakkiNet International"]
[Site "Helsinki"]
[Date "2001.06.29"]
[Round "8"]
[White "Nagy, Laszlo"]
[Black "Hamalainen, Sami"]
[Result "1/2-1/2"]
[WhiteElo "2047"]
[BlackElo "2186"]
[PlyCount "75"]

1. c4 e6 2. Nc3 d5 3. d4 c6 4. Nf3 dxc4 5. a4 Bb4 6. Bd2 Nf6 7. e3 b5 8. axb5
Bxc3 9. Bxc3 cxb5 10. b3 O-O 11. bxc4 bxc4 12. Bxc4 Qc7 13. Qe2 Ba6 14. Nd2
Bxc4 15. Qxc4 Rc8 16. Qxc7 Rxc7 17. Ba5 Rc2 18. O-O Nc6 19. Nb3 Rb8 20. Nc5
Rbb2 21. h3 Nd5 22. Nd3 Rb3 23. Rfc1 Rxc1+ 24. Rxc1 Nde7 25. Nc5 Ra3 26. Bc7 h5
27. g4 hxg4 28. hxg4 Kh7 29. Kg2 Kg6 30. Bd6 Ra2 31. Kg3 a5 32. Rc4 Rb2 33. e4
Rd2 34. Nb7 Rb2 35. Bxe7 Rxb7 36. Rxc6 Rxe7 37. Ra6 Rd7 38. Rxa5 1/2-1/2

[Event "III ShakkiNet International"]
[Site "Helsinki"]
[Date "2001.06.29"]
[Round "8"]
[White "Gamback, Bjorn"]
[Black "Frenklakh, Valery"]
[Result "1/2-1/2"]
[WhiteElo "2166"]
[BlackElo "2275"]
[PlyCount "21"]

1. c4 c5 2. Nc3 Nc6 3. e3 Nf6 4. Nf3 g6 5. b3 Bg7 6. Bb2 d6 7. Be2 O-O 8. O-O
Bf5 9. a3 a6 10. Rc1 Rc8 11. Re1 1/2-1/2

[Event "III ShakkiNet International"]
[Site "Helsinki"]
[Date "2001.06.29"]
[Round "8"]
[White "Kekki, Petri"]
[Black "Keskinen, Sauli"]
[Result "0-1"]
[WhiteElo "2289"]
[BlackElo "2240"]
[PlyCount "120"]

1. d4 d6 2. Nf3 g6 3. g3 Bg7 4. Bg2 Nd7 5. O-O e5 6. e4 Ngf6 7. Re1 O-O 8. c4
exd4 9. Nxd4 Ne5 10. Na3 Bg4 11. f3 Bd7 12. h3 Nh5 13. Kh2 Nc6 14. Nac2 Qf6 15.
Nb5 Rac8 16. Ne3 Qe5 17. f4 Nxf4 18. gxf4 Qxf4+ 19. Kg1 Qh4 20. Rf1 Bxh3 21.
Bxh3 Qxh3 22. Qg4 Qxg4+ 23. Nxg4 Rfe8 24. Nc3 Ne5 25. Nh6+ Kf8 26. Nd5 c6 27.
Nf6 Re6 28. Bg5 Bxf6 29. Rxf6 Rxf6 30. Bxf6 Nxc4 31. Rd1 Re8 32. b3 Re6 33. Bd4
Ne5 34. Rf1 f6 35. Bxa7 c5 36. Kg2 Kg7 37. Rh1 Nc6 38. Bb6 Rxe4 39. Kf3 f5 40.
Bc7 Re6 41. b4 Nxb4 42. Ba5 d5 43. a3 Nc6 44. Bd2 Nd4+ 45. Kg3 Re2 46. Bg5 Ne6
47. Kf3 Re4 48. Bd2 c4 49. a4 Nd4+ 50. Kg3 Ne2+ 51. Kf2 c3 52. Be3 d4 53. Bg5
c2 54. Nf7 Kxf7 55. Rxh7+ Ke8 56. Rc7 d3 57. Rc8+ Kf7 58. Rc7+ Ke6 59. a5 f4
60. a6 bxa6 0-1

[Event "III ShakkiNet International"]
[Site "Helsinki"]
[Date "2001.06.29"]
[Round "8"]
[White "Liitiainen, Elia"]
[Black "Seeman, Tarvo"]
[Result "1/2-1/2"]
[WhiteElo "2172"]
[BlackElo "2427"]
[PlyCount "128"]

1. Nf3 Nf6 2. g3 b5 3. Bg2 Bb7 4. O-O e6 5. b3 Be7 6. Bb2 O-O 7. c4 b4 8. d3 c5
9. Nbd2 d6 10. Ne1 Bxg2 11. Nxg2 Nc6 12. e3 Nd7 13. Qe2 Bf6 14. Nf3 Bxb2 15.
Qxb2 Nde5 16. Nxe5 dxe5 17. Rfd1 Qd6 18. Ne1 Rfd8 19. Nf3 Rd7 20. Rd2 Rad8 21.
Rad1 h6 22. a3 bxa3 23. Qxa3 f6 24. Qa6 Kf7 25. Kg2 Nb4 26. Qxd6 Rxd6 27. d4
cxd4 28. exd4 e4 29. Ne1 f5 30. Kf1 g5 31. Ra1 R8d7 32. Ra4 Rb7 33. Ke2 f4 34.
Ra3 Kf6 35. Rd1 Ra6 36. Rda1 Rxa3 37. Rxa3 e5 38. d5 h5 39. h3 Kf5 40. Kd2 e3+
41. fxe3 fxg3 42. Ke2 h4 43. Kf3 e4+ 44. Kg2 Nd3 45. Nc2 Ke5 46. Ra6 Nc5 47.
Rc6 Rxb3 48. Rxc5 Rb2 49. d6+ Ke6 50. Rxg5 Rxc2+ 51. Kg1 Kxd6 52. Rg4 Rxc4 53.
Rxh4 a5 54. Kg2 a4 55. Rh5 a3 56. Ra5 Rc3 57. Kxg3 Rxe3+ 58. Kf4 Rxh3 59. Kxe4
Kc6 60. Kd4 Kb6 61. Ra8 Kb5 62. Rb8+ Ka4 63. Kc4 Rh4+ 64. Kc3 Rh3+ 1/2-1/2

[Event "III ShakkiNet International"]
[Site "Helsinki"]
[Date "2001.06.30"]
[Round "9"]
[White "Keskinen, Sauli"]
[Black "Liitiainen, Elia"]
[Result "1-0"]
[WhiteElo "2240"]
[BlackElo "2172"]
[PlyCount "33"]

1. e4 Nf6 2. Nc3 d5 3. e5 Nfd7 4. e6 fxe6 5. d4 c5 6. Nf3 Nc6 7. dxc5 Nxc5 8.
Be3 Qa5 9. Qd2 Na4 10. Nb5 Qxd2+ 11. Kxd2 Kd7 12. b3 Nb6 13. a4 d4 14. Nbxd4
Nxd4 15. Bxd4 Rg8 16. Ng5 h6 17. Bb5+ 1-0

[Event "III ShakkiNet International"]
[Site "Helsinki"]
[Date "2001.06.30"]
[Round "9"]
[White "Hamalainen, Sami"]
[Black "Gamback, Bjorn"]
[Result "1-0"]
[WhiteElo "2186"]
[BlackElo "2166"]
[PlyCount "61"]

1. e4 c5 2. Nf3 d6 3. d4 Nf6 4. Nc3 cxd4 5. Nxd4 g6 6. Be3 Bg7 7. f3 Nc6 8. Qd2
O-O 9. g4 Ne5 10. O-O-O Be6 11. Nxe6 fxe6 12. Be2 Rc8 13. Nb5 Nc4 14. Bxc4 Rxc4
15. Qd3 Rc8 16. Nd4 Qd7 17. Qb3 d5 18. e5 Ne8 19. f4 Rc4 20. Qd3 Qc8 21. Rhf1
b5 22. f5 Bxe5 23. Nxe6 Nf6 24. Nxf8 Kxf8 25. fxg6 Kg7 26. Rf5 Qe6 27. gxh7
Rxg4 28. Rdf1 Bxh2 29. Bd4 Rg6 30. Rh1 Rh6 31. Rg5+ 1-0

[Event "III ShakkiNet International"]
[Site "Helsinki"]
[Date "2001.06.30"]
[Round "9"]
[White "Orso, Miklos"]
[Black "Nagy, Laszlo"]
[Result "0-1"]
[WhiteElo "2386"]
[BlackElo "2047"]
[PlyCount "114"]

1. e4 g6 2. f4 Bg7 3. Nc3 d6 4. d4 c6 5. Nf3 b5 6. Bd3 Nd7 7. O-O Bb7 8. Kh1 b4
9. Ne2 c5 10. Qe1 Qc7 11. Bc4 Ngf6 12. e5 Nd5 13. e6 fxe6 14. Ng5 Nf8 15. Bb5+
Bc6 16. Bxc6+ Qxc6 17. c4 Nc7 18. b3 Nd7 19. Bb2 Nf6 20. Ng3 d5 21. Rc1 O-O 22.
cxd5 Nfxd5 23. Rxc5 Qa6 24. Qc1 h6 25. Nf3 Rac8 26. Re1 Nb5 27. Ne4 Nxf4 28.
Rxc8 Qxc8 29. Nc5 Qc6 30. Qe3 Nc7 31. Rc1 Qd5 32. Nd3 e5 33. Nxb4 Qb7 34. Nc6
Ncd5 35. Qe4 Rf6 36. Ncxe5 Kh7 37. Rc5 Qa6 38. Rxd5 Qf1+ 39. Ng1 Nxd5 40. Qxd5
Rf2 41. Bc3 Rc2 42. Bb4 Rc1 43. Nef3 Rc2 44. Ne1 Re2 45. h3 Rxa2 46. Qe4 Qf7
47. d5 Bf6 48. Nef3 Rb2 49. Ne5 Qe8 50. Ng4 Bg7 51. Bxe7 Rxb3 52. d6 Rb6 53.
Nf3 Rxd6 54. Nxh6 Rd1+ 55. Ng1 Bxh6 56. Qh4 Qb5 57. Bf6 Qb6 0-1